| 000 | 00457nam a2200157 a 4500 | ||
|---|---|---|---|
| 005 | 20140310183340.0 | ||
| 008 | 070330s19uu xx 00 eng d | ||
| 020 | _a185828578x | ||
| 050 |
_aPC 1121 _b.It88 1999 |
||
| 245 |
_aItalian : _ba rough guide phrasebook / |
||
| 260 |
_aLondon : _bRough Guide Ltd, _c1999. |
||
| 300 |
_a256 p. : _c15 cm. |
||
| 650 |
_aItalian language _xConversation and phrasebooks _xEnglish. |
||
| 942 |
_cBK _2lcc |
||
| 999 |
_c21793 _d21793 |
||